000 00343nam a2200145Ia 4500
005 20250508165023.0
008 250508s9999||||xx |||||||||||||| ||und||
041 _aEnglish
082 _a658.408
_bPAL
100 _aPaleri, Prabhakran
245 0 _aCorporate Social Responsibility
260 _bCengage
_c2020
300 _a443p
942 _cBK
999 _c13598
_d13598